000 00441pab a2200169 454500
008 180718b2005 xxu||||| |||| 00| 0 eng d
100 _aMeena, Sohan Lal
245 _aRelationship between state and Dharma in Manusmriti
260 _c2005
300 _ap.575-88.
362 _aJan-Mar
650 _aDharma
650 _aManusmriti
650 _aPublic administration
773 _aIndian Journal of Political Science
909 _a67122
999 _c67122
_d67122